[Event "FRA T I 120102011"]
[Site "FRA"]
[Date "2010.11.14"]
[Round "3.4"]
[White "Riff, Vincent"]
[Black "Libiszewski, Fabien"]
[Result "1/2-1/2"]
[WhiteElo "2379"]
[BlackElo "2496"]
[PlyCount "23"]
[EventDate "2010.10.17"]
[EventType "team-match"]
[EventRounds "9"]
[EventCountry "FRA"]
[Source "FFE"]
[SourceDate "2010.10.29"]

1. e4 e6 2. d4 d5 3. exd5 exd5 4. Bf4 Bd6 5. Bxd6 Qxd6 6. c3 Nf6 7. Bd3 O-O 8.
Ne2 b6 9. O-O c5 10. Nd2 Nc6 11. h3 Re8 12. Nf3 1/2-1/2

[Event "FRA T I 120102011"]
[Site "FRA"]
[Date "2010.11.14"]
[Round "3.8"]
[White "Chebance, Benoit"]
[Black "Cayla, Jonathan"]
[Result "1/2-1/2"]
[WhiteElo "2018"]
[BlackElo "1965"]
[PlyCount "21"]
[EventDate "2010.10.17"]
[EventType "team-match"]
[EventRounds "9"]
[EventCountry "FRA"]
[Source "FFE"]
[SourceDate "2010.10.29"]

1. e4 c6 2. Nc3 d5 3. Qf3 dxe4 4. Nxe4 Nf6 5. Nxf6+ gxf6 6. Bc4 Qd4 7. Qb3 e6
8. Ne2 Qg4 9. Ng3 Nd7 10. h3 Qg6 11. d4 {suite illisible} 1/2-1/2

[Event "FRA T II 20102011"]
[Site "FRA"]
[Date "2010.10.17"]
[Round "1.1"]
[White "Werner, Clemens"]
[Black "Stojanovic, Mihajlo"]
[Result "0-1"]
[WhiteElo "2334"]
[BlackElo "2561"]
[PlyCount "170"]
[EventDate "2010.11.13"]
[EventType "team-match"]
[EventRounds "9"]
[EventCountry "FRA"]
[Source "FFE"]
[SourceDate "2010.10.29"]

1. e4 e5 2. Nf3 Nc6 3. Bb5 Nf6 4. d4 Nxd4 5. Nxd4 c6 6. Be2 exd4 7. Qxd4 d5 8.
exd5 Qxd5 9. Qxd5 Nxd5 10. O-O Bf5 11. c4 Nb4 12. Na3 Bc5 13. Rd1 O-O 14. Be3
Bxe3 15. fxe3 Rfe8 16. Kf2 Re5 17. g4 Be6 18. Rd2 Rf8 19. Rad1 f5 20. Rd8 fxg4+
21. Rxf8+ Kxf8 22. Rd8+ Ke7 23. Rb8 b6 24. Rb7+ Kf6 25. Rxa7 Rh5 26. Kg2 Rh3
27. Rb7 Rxe3 28. Kf2 Rh3 29. Kg1 Nxa2 30. Rxb6 Nc1 31. Bf1 Rb3 32. c5 g3 33.
hxg3 Rxg3+ 34. Kf2 Rb3 35. Nc4 Nd3+ 36. Bxd3 Rxd3 37. Rxc6 Ke7 38. Rc7+ Kd8 39.
Rxg7 Bxc4 40. Rxh7 Rb3 41. c6 Rxb2+ 42. Ke3 Rb6 43. Kd4 Rxc6 44. Ke5 Ke8 45.
Ra7 Be6 46. Rb7 Bd7 47. Ra7 Ke7 48. Kd5 Rh6 49. Ke5 Rh5+ 50. Kf4 Kd6 51. Ra6+
Bc6 52. Rb6 Rc5 53. Rb4 Ke6 54. Ke3 Ke5 55. Rh4 Rc3+ 56. Kd2 Ra3 57. Rb4 Be4
58. Rb5+ Kf4 59. Rb8 Rd3+ 60. Ke2 Rd6 61. Rf8+ Bf5 62. Rf7 Rc6 63. Kd1 Rc5 64.
Kd2 Rc2+ 65. Kd1 Rh2 66. Rf8 Ke5 67. Kc1 Be4 68. Rd8 Bd5 69. Rc8 Kd4 70. Rd8
Ra2 71. Kb1 Rd2 72. Kc1 Kc3 73. Rc8+ Kd3 74. Kb1 Ra2 75. Rc5 Bb3 76. Rh5 Rd2
77. Rh8 Kc3 78. Rh3+ Kb4 79. Rh6 Ka3 80. Rh1 Rb2+ 81. Kc1 Rc2+ 82. Kb1 Rc3 83.
Ka1 Bc2 84. Rh3 Bd3 85. Rh1 Rc2 0-1

[Event "FRA T II 20102011"]
[Site "FRA"]
[Date "2010.10.17"]
[Round "1.6"]
[White "Duchateau, Thomas"]
[Black "Borni, Jean Bernard"]
[Result "1/2-1/2"]
[WhiteElo "2055"]
[BlackElo "2036"]
[PlyCount "157"]
[EventDate "2010.11.13"]
[EventType "team-match"]
[EventRounds "9"]
[EventCountry "FRA"]
[Source "FFE"]
[SourceDate "2010.10.29"]

1. d4 d5 2. c4 e6 3. Nc3 Nf6 4. Nf3 Be7 5. Bg5 Nbd7 6. e3 O-O 7. Qc2 b6 8. cxd5
exd5 9. Bd3 Bb7 10. O-O-O Ne4 11. h4 f5 12. Kb1 Kh8 13. Bf4 Bd6 14. Bxd6 cxd6
15. Rc1 Rc8 16. Qe2 Nxc3+ 17. Rxc3 Rxc3 18. bxc3 Qe7 19. Qc2 g6 20. h5 Kg7 21.
hxg6 hxg6 22. g4 fxg4 23. Bxg6 Rh8 24. Rxh8 Kxh8 25. Ne1 Nf6 26. Ng2 Ne4 27.
Nf4 Qc7 28. Nxd5 Bxd5 29. Bxe4 Bxe4 30. Qxe4 Qxc3 31. Qe8+ Kg7 32. Qe7+ Kg8 33.
Qe6+ Kh8 34. Qh6+ Kg8 35. Qg6+ Kh8 36. Qh5+ Kg8 37. Qxg4+ Kh8 38. Qh5+ Kg8 39.
Qd1 Kg7 40. Qc1 Qb4+ 41. Ka1 a5 42. a3 Qb3 43. Qb2 Qa4 44. Ka2 Qc4+ 45. Kb1
Qf1+ 46. Qc1 Qxf2 47. Qc7+ Kg8 48. Qxb6 Qxe3 49. Qxd6 Qb3+ 50. Kc1 Qc3+ 51. Kd1
Qd3+ 52. Ke1 Qe3+ 53. Kf1 Qf3+ 54. Kg1 Kf7 55. Qc5 Ke6 56. Qc8+ Ke7 57. Qc5+
Ke6 58. Qb6+ Kd7 59. Qxa5 Qe3+ 60. Kf1 Qxd4 61. Ke2 Kc6 62. Qa8+ Kc7 63. Qa6
Qd6 64. Qc4+ Qc6 65. Qb4 Qb6 66. Kd3 Qxb4 67. axb4 Kb6 68. Kc3 Kb5 69. Kb3 Kb6
70. Kc4 Kc6 71. b5+ Kb6 72. Kb4 Kb7 73. Kc5 Kc7 74. b6+ Kb7 75. Kb5 Kb8 76. Kc4
Kb7 77. Kc5 Kb8 78. Kc6 Kc8 79. Kd5 1/2-1/2

[Event "FRA T II 20102011"]
[Site "FRA"]
[Date "2010.10.17"]
[Round "1.2"]
[White "Gierth, Hans Joachim"]
[Black "Walti, Rolf"]
[Result "1-0"]
[WhiteElo "2255"]
[BlackElo "2199"]
[PlyCount "145"]
[EventDate "2010.11.13"]
[EventType "team-match"]
[EventRounds "9"]
[EventCountry "FRA"]
[Source "FFE"]
[SourceDate "2010.10.29"]

1. d4 e6 2. Nf3 Nf6 3. Bf4 b6 4. e3 Bb7 5. Bd3 g6 6. c4 Bg7 7. Nc3 d6 8. O-O
O-O 9. h3 Nbd7 10. a4 Re8 11. Bh2 a5 12. Rc1 Rc8 13. Nb5 e5 14. Be2 Ne4 15. Nd2
Nxd2 16. Qxd2 Qg5 17. d5 Nc5 18. Qc2 Qe7 19. e4 Rf8 20. Bg4 Rce8 21. Rce1 h5
22. Bd1 Bc8 23. Qd2 Kh7 24. Bc2 f5 25. f4 Bh6 26. exf5 Bxf5 27. Bxf5 gxf5 28.
Qd1 e4 29. Qxh5 Qf7 30. Qd1 Rg8 31. Re2 Bg7 32. Kh1 Bf6 33. Bg1 Nd3 34. Bd4 Re7
35. Rd2 Rg3 36. Qe2 Kg8 37. Kh2 Rg7 38. Qe3 Rh7 39. Bxf6 Qxf6 40. Nd4 Rh4 41.
Ne6 Rh6 42. b3 c5 43. Rg1 Reh7 44. Rxd3 exd3 45. Qxd3 Kh8 46. Re1 Re7 47. Re3
Rg6 48. Qe2 Kg8 49. Qh5 Rh7 50. Qe2 Re7 51. Qe1 Kh8 52. Qc3 Qxc3 53. Rxc3 Kg8
54. Kg1 Kf7 55. Kf2 Rg8 56. Kf3 Rh8 57. Re3 Kf6 58. Kf2 Rg8 59. g3 Rh8 60. g4
fxg4 61. hxg4 Rh2+ 62. Kg3 Rhh7 63. f5 Rh1 64. Kf4 Rg1 65. Kf3 Rh7 66. Nf4 Rf1+
67. Kg3 Rg1+ 68. Ng2 Re7 69. g5+ Kf7 70. Re6 Rxe6 71. dxe6+ Kf8 72. f6 Re1 73.
Nxe1 1-0

[Event "FRA T II 20102011"]
[Site "FRA"]
[Date "2010.11.14"]
[Round "3.8"]
[White "Treand, Victor"]
[Black "Griggio, Jean Paul"]
[Result "0-1"]
[WhiteElo "1860"]
[BlackElo "1800"]
[PlyCount "144"]
[EventDate "2010.11.13"]
[EventType "team-match"]
[EventRounds "9"]
[EventCountry "FRA"]
[Source "FFE"]
[SourceDate "2010.10.29"]

1. c4 c5 2. Nf3 Nf6 3. Nc3 Nc6 4. e3 d5 5. d4 cxd4 6. exd4 e6 7. c5 Ne4 8. Bf4
Nxc3 9. bxc3 Be7 10. Bd3 g5 11. Bg3 h5 12. h4 g4 13. Ne5 Nxe5 14. Bxe5 Bf6 15.
Qe2 Bxe5 16. Qxe5 Rh6 17. Qg7 Qf6 18. Qg8+ Ke7 19. Bb5 Rh8 20. Qg5 Qxg5 21.
hxg5 Bd7 22. Rb1 Rab8 23. f4 h4 24. Kf2 Bxb5 25. Rxb5 Kd7 26. Rhb1 Kc7 27. a4
b6 28. f5 exf5 29. cxb6+ Rxb6 30. Re1 Rxb5 31. axb5 Kd6 32. Re5 f4 33. Rf5 Ke6
34. Rxf4 h3 35. gxh3 gxh3 36. Rf6+ Ke7 37. Kg1 Rh5 38. Ra6 Rxg5+ 39. Kh2 Rg2+
40. Kxh3 Rb2 41. Rxa7+ Kf6 42. Ra6+ Kf5 43. b6 Rb3 44. Ra7 Rxc3+ 45. Kg2 f6 46.
Ra5 Ke4 47. Rb5 Rc8 48. b7 Rb8 49. Rb4 Kd3 50. Kf3 Kc3 51. Rb6 Kxd4 52. Kf4 Kc5
53. Rb1 Kc6 54. Kf5 Rxb7 55. Rc1+ Kd6 56. Kxf6 Re7 57. Ra1 Re2 58. Ra6+ Kc5 59.
Kf5 d4 60. Kf4 d3 61. Kf3 Re7 62. Ra8 Kc4 63. Rc8+ Kb3 64. Rd8 Kc2 65. Rc8+ Kd2
66. Rd8 Rc7 67. Rd6 Rc3 68. Ke4 Kc2 69. Ke3 Rb3 70. Rc6+ Kd1 71. Ra6 d2+ 72.
Kf2 Kc2 0-1

[Event "FRA T II 20102011"]
[Site "FRA"]
[Date "2010.10.17"]
[Round "1.7"]
[White "Zienkiewick, Geoffroy"]
[Black "Bouton, Christophe"]
[Result "0-1"]
[WhiteElo "1929"]
[BlackElo "2062"]
[PlyCount "140"]
[EventDate "2010.11.13"]
[EventType "team-match"]
[EventRounds "9"]
[EventCountry "FRA"]
[Source "FFE"]
[SourceDate "2010.10.29"]

1. d4 Nf6 2. Bg5 d5 3. Bxf6 exf6 4. e3 Bd6 5. Nd2 c6 6. g3 Nd7 7. Bg2 O-O 8.
Ne2 f5 9. c4 dxc4 10. Nxc4 Bb4+ 11. Nc3 Nf6 12. a3 Be7 13. b4 Be6 14. Na5 Rb8
15. O-O Qd7 16. Rc1 Rfe8 17. Qd2 Bd8 18. Na4 Bxa5 19. bxa5 Bd5 20. Nc5 Qe7 21.
Bxd5 Nxd5 22. Qd3 g6 23. Rb1 h5 24. h4 b6 25. axb6 axb6 26. Na6 Ra8 27. Nb4
Nxb4 28. axb4 Qd7 29. b5 c5 30. d5 Re5 31. Ra1 Rd8 32. Ra6 Rxd5 33. Qc4 Rd6 34.
Rfa1 Rd1+ 35. Rxd1 Qxd1+ 36. Kg2 Qd6 37. Kf3 Qd1+ 38. Kg2 Qd6 39. Kf3 Re8 40.
Qc3 Qd5+ 41. Ke2 Rd8 42. Ra1 Ra8 43. Rxa8+ Qxa8 44. Qf6 Qa2+ 45. Kf3 Qd5+ 46.
Kf4 Qe4+ 47. Kg5 Qe6 48. Qc3 Kh7 49. Kf4 Qe4+ 50. Kg5 Qe7+ 51. Kf4 Qc7+ 52. Kf3
Qd7 53. Qf6 Qe6 54. Qc3 Kg8 55. Kf4 Qe4+ 56. Kg5 Kh7 57. Kf6 Qe6+ 58. Kg5 Qe7+
59. Kf4 Qe6 60. Kf3 Qe4+ 61. Ke2 Kg8 62. f3 Qd5 63. Kf2 Qa2+ 64. Ke1 Qb1+ 65.
Kd2 Qxb5 66. Qe5 Qd7+ 67. Kc3 Qc6 68. Qf4 Kg7 69. e4 fxe4 70. fxe4 Qf6+ 0-1

[Event "FRA T II 20102011"]
[Site "FRA"]
[Date "2010.11.14"]
[Round "3.8"]
[White "Fyl, Oryssia"]
[Black "Mirambet, Sara"]
[Result "1/2-1/2"]
[WhiteElo "1610"]
[BlackElo "1743"]
[PlyCount "135"]
[EventDate "2010.11.13"]
[EventType "team-match"]
[EventRounds "9"]
[EventCountry "FRA"]
[Source "FFE"]
[SourceDate "2010.10.29"]

1. d4 Nf6 2. c4 e6 3. Nc3 Bb4 4. Bg5 c6 5. Bxf6 Qxf6 6. e4 Qg6 7. Qf3 Qf6 8. e5
Qxf3 9. Nxf3 d5 10. c5 Nd7 11. a3 Bxc3+ 12. bxc3 b6 13. cxb6 Nxb6 14. a4 a5 15.
Bd3 Ba6 16. Bc2 O-O 17. Nd2 Rfc8 18. Nb3 Bc4 19. Nc5 Ra7 20. Rb1 Nd7 21. Nb7
Rb8 22. Nd6 Rxb1+ 23. Bxb1 Bb3 24. f4 Bxa4 25. f5 c5 26. O-O exf5 27. Bxf5 cxd4
28. cxd4 Nf8 29. Nc8 Rc7 30. Ra1 Ne6 31. Nb6 Bb3 32. Rxa5 g6 33. Bg4 Nxd4 34.
Nxd5 Bxd5 35. Rxd5 Ne6 36. Kf2 Nf4 37. Rd8+ Kg7 38. Kg3 g5 39. Bf5 Re7 40. Rd2
Rxe5 41. Kg4 h6 42. h4 Ne6 43. Bxe6 fxe6 44. hxg5 Rxg5+ 45. Kf4 Kf6 46. Rb2 Rc5
47. Ke4 Rc4+ 48. Kd3 Rg4 49. Ke3 Kf5 50. Rb5+ e5 51. Kf3 Rc4 52. Rb3 h5 53. Re3
Rf4+ 54. Kg3 h4+ 55. Kh3 Rd4 56. g4+ hxg3 57. Kxg3 Re4 58. Rf3+ Ke6 59. Rd3 Ra4
60. Re3 Kd5 61. Kf2 Kd4 62. Rh3 Ra2+ 63. Ke1 e4 64. Rb3 Rc2 65. Kd1 Rc3 66.
Rxc3 Kxc3 67. Ke2 Kd4 68. Kd2 1/2-1/2

[Event "FRA T II 20102011"]
[Site "FRA"]
[Date "2010.11.13"]
[Round "2.3"]
[White "Capaces, Francois"]
[Black "Franck, Boris"]
[Result "1-0"]
[WhiteElo "2086"]
[BlackElo "2102"]
[PlyCount "133"]
[EventDate "2010.11.13"]
[EventType "team-match"]
[EventRounds "9"]
[EventCountry "FRA"]
[Source "FFE"]
[SourceDate "2010.10.29"]

1. d4 g6 2. Nc3 Bg7 3. e4 c6 4. Be3 d5 5. e5 Nh6 6. Bd3 Nf5 7. Nf3 Nxe3 8. fxe3
Bg4 9. h3 Bxf3 10. Qxf3 O-O 11. O-O f6 12. exf6 Bxf6 13. Qg4 Kg7 14. Ne2 e5 15.
dxe5 Bxe5 16. Rxf8 Qxf8 17. Rf1 Qe8 18. Nd4 Nd7 19. Ne6+ Kg8 20. Ng5 Nf6 21.
Qb4 Qe7 22. e4 Kg7 23. exd5 Nxd5 24. Qe4 Re8 25. Rf7+ Qxf7 26. Nxf7 Kxf7 27.
Qh4 Kg7 28. c3 Nf4 29. Bc4 Bc7 30. Qg4 Rd8 31. g3 h5 32. Qf3 Nxh3+ 33. Kh2 Ng5
34. Qe3 Kh6 35. Kg2 Bb6 36. Qf4 Bc5 37. b4 Rf8 38. Qc1 Rf2+ 39. Kh1 Bb6 40. Bf1
Bc7 41. Bg2 Rxa2 42. Qe1 Bb6 43. g4 Bf2 44. Qe8 Ra1+ 45. Bf1 Rxf1+ 46. Kg2 Rg1+
47. Kxf2 Nh3+ 48. Ke2 Nf4+ 49. Kf2 Rxg4 50. Qf8+ Kg5 51. Qe7+ Kf5 52. Qf7+ Ke4
53. Qxb7 Nd3+ 54. Kf1 Ne5 55. Qxa7 Kd3 56. Qc5 Re4 57. b5 cxb5 58. Qd5+ Ke3 59.
Qxb5 Kf3 60. Qb3 Nc4 61. Qd1+ Kf4 62. Qd8 g5 63. Qc7+ Kg4 64. Qd7+ Kh4 65. Qd3
Rf4+ 66. Kg2 Rg4+ 67. Kh2 1-0

[Event "FRA T II 20102011"]
[Site "FRA"]
[Date "2010.10.17"]
[Round "1.1"]
[White "Goldenberg, Richard"]
[Black "Schwing, Hans Elmar"]
[Result "0-1"]
[WhiteElo "2347"]
[BlackElo "2290"]
[PlyCount "134"]
[EventDate "2010.11.13"]
[EventType "team-match"]
[EventRounds "9"]
[EventCountry "FRA"]
[Source "FFE"]
[SourceDate "2010.10.29"]

1. d4 e6 2. Nf3 Nf6 3. Bg5 h6 4. Bxf6 Qxf6 5. e4 d6 6. Nc3 Nd7 7. g3 g5 8. Nb5
Qd8 9. Bg2 c6 10. Nc3 Qb6 11. O-O Bg7 12. h3 Qxb2 13. Qd2 O-O 14. Rab1 Qa3 15.
h4 g4 16. Nh2 f5 17. Rfe1 d5 18. Rb3 Qd6 19. e5 Qe7 20. Ne2 h5 21. Nf4 Bh6 22.
Nxd5 Bxd2 23. Nxe7+ Kf7 24. Rd1 Bh6 25. Nxc8 Rfxc8 26. Rxb7 Ke8 27. f4 Bf8 28.
Nf1 Kd8 29. Ne3 a5 30. Nc4 Rc7 31. Rdb1 Bb4 32. Rxc7 Kxc7 33. Rb3 Be1 34. Re3
Bb4 35. a3 Be7 36. Rc3 Ra6 37. Ne3 Kb7 38. Kf2 Rb6 39. Ke2 Nb8 40. Nc4 Ra6 41.
Kd1 Kc7 42. Kc1 Kd7 43. Kb1 Ra7 44. Ka2 Kc7 45. Ne3 Bb4 46. Rb3 Be1 47. Nd1 a4
48. Re3 Ba5 49. Nb2 Bd2 50. Rd3 Be1 51. c4 Nd7 52. d5 Nc5 53. Rd1 Bxg3 54. dxe6
Nxe6 55. Rd6 Nxf4 56. Rxc6+ Kd8 57. Bh1 Bxh4 58. c5 Be7 59. Nc4 g3 60. Nd6 Rc7
61. Ra6 Rxc5 62. Ra8+ Kc7 63. Ne8+ Kd7 64. Nf6+ Ke6 65. Ra6+ Kxe5 66. Nd7+ Kd4
67. Nxc5 Kxc5 {suite illisible} 0-1

[Event "FRA T II 20102011"]
[Site "FRA"]
[Date "2010.11.14"]
[Round "3.5"]
[White "Schott, Raimund"]
[Black "Lambert, Adrien"]
[Result "1-0"]
[WhiteElo "2030"]
[BlackElo "2091"]
[PlyCount "133"]
[EventDate "2010.11.13"]
[EventType "team-match"]
[EventRounds "9"]
[EventCountry "FRA"]
[Source "FFE"]
[SourceDate "2010.10.29"]

1. e4 d6 2. d4 Nf6 3. Nc3 g6 4. f4 Bg7 5. Nf3 c5 6. Bb5+ Bd7 7. Bxd7+ Nfxd7 8.
Be3 Nc6 9. Qd2 Qa5 10. d5 Nb4 11. a3 Na6 12. O-O O-O 13. Qe1 Nb6 14. Bd2 Nc4
15. Bc1 b5 16. Nd1 Qb6 17. Nd2 Nxd2 18. Bxd2 b4 19. Kh1 bxa3 20. Rxa3 Nb4 21.
Ne3 Bxb2 22. Rb3 Bg7 23. c3 a5 24. cxb4 cxb4 25. Bc3 Bxc3 26. Qxc3 Rfc8 27. Qd2
Rcb8 28. Nc2 Ra7 29. Rfb1 Rc7 30. h3 Rc4 31. e5 Qc5 32. Ne3 Rxf4 33. exd6 exd6
34. Ng4 Rd4 35. Qh6 Rxg4 36. hxg4 Qc2 37. Qf4 Qc5 38. Qd2 Qc4 39. g5 Re8 40.
Re3 Rxe3 41. Qxe3 Qxd5 42. Qe8+ Kg7 43. Qd8 Qe5 44. Rf1 b3 45. Qc7 Qd5 46. Qc3+
Kg8 47. Re1 Qb5 48. Qf6 b2 49. Rb1 Qb4 50. Rxb2 Qe1+ 51. Kh2 Qh4+ 52. Kg1 Qe1+
53. Qf1 Qe3+ 54. Kh1 Qxg5 55. Rb8+ Kg7 56. Qa1+ Qe5 57. Qxe5+ dxe5 58. Rb7 Kf6
59. Kg1 a4 60. Kf2 a3 61. Ke3 Ke6 62. Ra7 h5 63. Rxa3 Kf5 64. Ra4 f6 65. g3 Kg5
66. Kf3 f5 67. Ra6 1-0

[Event "FRA T II 20102011"]
[Site "FRA"]
[Date "2010.10.17"]
[Round "1.3"]
[White "Henry, Lionel"]
[Black "Duverlie, Vincent"]
[Result "1/2-1/2"]
[WhiteElo "2050"]
[BlackElo "2100"]
[PlyCount "130"]
[EventDate "2010.11.13"]
[EventType "team-match"]
[EventRounds "9"]
[EventCountry "FRA"]
[Source "FFE"]
[SourceDate "2010.10.29"]

1. e4 c6 2. d4 d5 3. exd5 cxd5 4. c4 Nf6 5. Nc3 g6 6. Nf3 Bg7 7. Be2 O-O 8. O-O
Nbd7 9. Be3 dxc4 10. Bxc4 Nb6 11. Bb3 Nfd5 12. Qd2 Bg4 13. Ne5 Be6 14. Bh6 Nxc3
15. Bxg7 Kxg7 16. Bxe6 Nb5 17. Bh3 Qxd4 18. Qxd4 Nxd4 19. Rfd1 Rfd8 20. Kf1 Rd5
21. f4 Rad8 22. Rac1 f6 23. Nc4 Nxc4 24. Rxc4 f5 25. g3 Ne6 26. Rxd5 Rxd5 27.
Ke2 Kf6 28. Bg2 Rd7 29. Ke3 b6 30. Bf3 h6 31. Rc6 Rc7 32. Rxc7 Nxc7 33. Kd4 e6
34. Bc6 a5 35. h4 Na6 36. a3 Ke7 37. Kc4 Nc7 38. Kd4 Kd6 39. Bb7 Nb5+ 40. Kc4
Nc7 41. Kd4 Nd5 42. Ba6 Nf6 43. Bb5 Nh5 44. Be8 Nxg3 45. Bxg6 Ne4 46. Kc4 Nf6
47. Kb5 Nd5 48. Bf7 a4 49. Kxa4 Nxf4 50. Kb5 Nd5 51. a4 f4 52. Kc4 Ne3+ 53. Kd3
Nf5 54. Ke4 Nxh4 55. Kxf4 Nf5 56. b4 Ne7 57. a5 Nd5+ 58. Ke4 b5 59. a6 Kc7 60.
Bxe6 Nxb4 61. a7 Kb7 62. a8=Q+ Kxa8 63. Bd7 Na2 64. Bxb5 Nc3+ 65. Kf5 Nxb5
1/2-1/2

[Event "FRA T II 20102011"]
[Site "FRA"]
[Date "2010.11.13"]
[Round "2.6"]
[White "Bentout, Pascal"]
[Black "Griggio, Laurent"]
[Result "1-0"]
[WhiteElo "2151"]
[BlackElo "1846"]
[PlyCount "127"]
[EventDate "2010.11.13"]
[EventType "team-match"]
[EventRounds "9"]
[EventCountry "FRA"]
[Source "FFE"]
[SourceDate "2010.10.29"]

1. d4 Nf6 2. Nf3 g6 3. g3 b6 4. c4 Bg7 5. Nc3 O-O 6. Bg2 Bb7 7. O-O Ne4 8. Qc2
Nxc3 9. bxc3 d6 10. e4 Nc6 11. Rd1 e5 12. c5 dxc5 13. dxc5 Qe8 14. a4 Qe6 15.
cxb6 cxb6 16. Ng5 Qc8 17. Ba3 Rd8 18. Qa2 Rxd1+ 19. Rxd1 Qe8 20. Nxf7 Qxf7 21.
Qxf7+ Kxf7 22. Rd7+ Kg8 23. Rxb7 Na5 24. Rc7 Rd8 25. Bh3 a6 26. Be6+ Kh8 27.
Bb4 Bf8 28. Bd5 Rb8 29. Rf7 Bc5 30. Kg2 Rc8 31. Ra7 Nc6 32. Bxc6 Rxc6 33. Rxa6
Rc7 34. Bxc5 Rxc5 35. Rxb6 Rxc3 36. a5 Ra3 37. Rb5 Kg7 38. Rxe5 Kf6 39. Rb5 Ke6
40. f4 h5 41. h4 Re3 42. Rb6+ Kf7 43. e5 Ra3 44. a6 Ra4 45. Kh3 Ra3 46. Rb7+
Ke6 47. Rb6+ Kf7 48. Rf6+ Kg7 49. f5 gxf5 50. Rxf5 Kg6 51. Rg5+ Kh6 52. e6 Rxa6
53. Re5 Ra8 54. Kg2 Kg6 55. e7 Re8 56. Kf3 Kf6 57. Kf4 Kf7 58. Kf5 Kg7 59. Ke6
Ra8 60. Rg5+ Kh6 61. Kf7 Ra7 62. Kf8 Ra6 63. e8=Q Rf6+ 64. Qf7 1-0

[Event "FRA T II 20102011"]
[Site "FRA"]
[Date "2010.10.17"]
[Round "1.4"]
[White "Mayer, Jean Marc"]
[Black "Buisson, Michael"]
[Result "1-0"]
[WhiteElo "2204"]
[BlackElo "2093"]
[PlyCount "127"]
[EventDate "2010.11.13"]
[EventType "team-match"]
[EventRounds "9"]
[EventCountry "FRA"]
[Source "FFE"]
[SourceDate "2010.10.29"]

1. d4 d5 2. c4 e6 3. Nf3 Nf6 4. Nc3 Be7 5. Bf4 O-O 6. e3 c6 7. Bd3 Nbd7 8. O-O
h6 9. h3 Re8 10. Rc1 Nf8 11. c5 N6d7 12. b4 Bf6 13. Bg3 e5 14. dxe5 Nxe5 15.
Bb1 Qe7 16. Nd4 Bh4 17. Bh2 Bf6 18. Nce2 Nc4 19. a4 Be5 20. Bxe5 Qxe5 21. Ba2
Qg5 22. Bxc4 dxc4 23. Nf3 Qg6 24. Nf4 Qf6 25. Rxc4 Ne6 26. Nh5 Qe7 27. Ng3 Ng5
28. Nxg5 Qxg5 29. Rd4 Be6 30. Ne4 Qg6 31. Nd6 Re7 32. Qf3 Bd5 33. e4 Be6 34.
Rfd1 Rf8 35. Qe3 Qf6 36. a5 Qe5 37. f4 Qh5 38. R1d3 Bc8 39. f5 g6 40. g4 Qh4
41. e5 Kh8 42. f6 Rc7 43. Qg3 Qxg3+ 44. Rxg3 Be6 45. Kf2 a6 46. h4 Rd7 47. Rgd3
Rb8 48. Kg3 Kg8 49. Ne4 Rxd4 50. Rxd4 Kf8 51. Rd6 Rc8 52. Nc3 Rb8 53. Ne2 Ke8
54. Nf4 Bb3 55. g5 h5 56. e6 Rd8 57. exf7+ Bxf7 58. Rxd8+ Kxd8 59. Kf3 Kd7 60.
Ke4 Be8 61. Kd4 Bf7 62. Ke5 Be8 63. f7 Bxf7 64. Kf6 1-0

[Event "FRA T II 20102011"]
[Site "FRA"]
[Date "2010.10.17"]
[Round "1.1"]
[White "Schwalfenberg, Joerg"]
[Black "Hassler, Franck"]
[Result "1/2-1/2"]
[WhiteElo "2341"]
[BlackElo "2178"]
[PlyCount "127"]
[EventDate "2010.11.13"]
[EventType "team-match"]
[EventRounds "9"]
[EventCountry "FRA"]
[Source "FFE"]
[SourceDate "2010.10.29"]

1. d4 Nf6 2. c4 g6 3. Nc3 Bg7 4. Nf3 O-O 5. g3 b6 6. Bg2 Bb7 7. O-O e6 8. d5 d6
9. Nd4 e5 10. Nc6 Qd7 11. Qa4 a5 12. Nxb8 Qxa4 13. Nxa4 Raxb8 14. Nc3 Ba6 15.
b3 Nd7 16. e4 Rfe8 17. Bh3 Nc5 18. Be3 Re7 19. f3 h5 20. Rab1 Kh7 21. a3 Nd7
22. Nb5 Bxb5 23. cxb5 Bh6 24. Bxh6 Kxh6 25. Rfc1 Nf6 26. Rc4 Ne8 27. Rbc1 Kg5
28. Kf2 Rd8 29. Ke3 Kh6 30. Bf1 Kg7 31. h4 Rb8 32. Bh3 Re6 33. Rc6 Ra8 34. R1c4
Rb8 35. Ra4 Kf8 36. b4 axb4 37. axb4 Kg7 38. Ra7 Kf8 39. Rc1 Kg7 40. Kd3 Kh6
41. Rc6 Kg7 42. Rc2 Kh6 43. g4 f6 44. Rg2 hxg4 45. Bxg4 Re7 46. Rc2 Rg7 47. Ke3
Rf7 48. h5 gxh5 49. Rh2 Ng7 50. Ra1 Rh8 51. Rah1 Kg6 52. Rg2 Kh6 53. Rgh2 Kg6
54. Rg2 Kh6 55. Bf5 Nxf5+ 56. exf5 Rg7 57. Rxh5+ Kxh5 58. Rxg7 Ra8 59. Rxc7 Ra4
60. Rc6 Kg5 61. Rxd6 Rxb4 62. Rxb6 Kxf5 63. Kf2 Rf4 64. Rd6 1/2-1/2

[Event "FRA T II 20102011"]
[Site "FRA"]
[Date "2010.10.17"]
[Round "1.6"]
[White "Etienne, Eric"]
[Black "Heuveline, Gregory"]
[Result "1-0"]
[WhiteElo "2069"]
[BlackElo "1980"]
[PlyCount "123"]
[EventDate "2010.11.13"]
[EventType "team-match"]
[EventRounds "9"]
[EventCountry "FRA"]
[Source "FFE"]
[SourceDate "2010.10.29"]

1. d4 e6 2. Nf3 d5 3. e3 Bd6 4. Bd3 f5 5. c4 c6 6. Nc3 Nf6 7. b3 Ne4 8. Bb2 Nd7
9. Qe2 O-O 10. O-O-O Bb4 11. Bxe4 fxe4 12. Nd2 Qa5 13. Ndb1 Be7 14. f3 exf3 15.
gxf3 a6 16. Rdg1 b5 17. c5 Qc7 18. f4 b4 19. Na4 Rf5 20. Nd2 Bf8 21. Nf3 a5 22.
Ng5 Nf6 23. Rg3 Ba6 24. Qg2 Re8 25. Qh3 Bd3 26. Rhg1 Re7 27. Ba1 h6 28. Nf3 Rh5
29. Qg2 Be4 30. Qe2 Bf5 31. Ne5 Kh7 32. Nb2 Rh3 33. Rxh3 Bxh3 34. Qa6 Re8 35.
Qxc6 Qxc6 36. Nxc6 Bf5 37. Ne5 Rc8 38. Nbd3 Rc7 39. Kd2 Ne4+ 40. Ke2 Be7 41.
Nf2 Bh4 42. Nxe4 Bxe4 43. Bb2 a4 44. bxa4 Ra7 45. a3 Rxa4 46. Ra1 b3 47. Rc1
Bc2 48. Nf3 Bd8 49. Ne1 Bg6 50. Rc3 Bh5+ 51. Nf3 Rc4 52. Kf2 Ba5 53. Rxb3 Rc2+
54. Kg3 Bxf3 55. Kxf3 Be1 56. e4 Rxh2 57. Rb7 dxe4+ 58. Kxe4 Re2+ 59. Kd3 Rd2+
60. Ke3 Kg6 61. Bc3 Rd1 62. Ke2 1-0

[Event "FRA T II 20102011"]
[Site "FRA"]
[Date "2010.11.13"]
[Round "2.7"]
[White "Mahieux, Julien"]
[Black "Tisserand, Jean Pierre"]
[Result "1-0"]
[WhiteElo "1959"]
[BlackElo "1924"]
[PlyCount "119"]
[EventDate "2010.11.13"]
[EventType "team-match"]
[EventRounds "9"]
[EventCountry "FRA"]
[Source "FFE"]
[SourceDate "2010.10.29"]

1. e4 g6 2. d4 Bg7 3. Nc3 d6 4. Be3 a6 5. Qd2 Nd7 6. a4 b6 7. Nf3 Bb7 8. Bd3
Rc8 9. Qe2 Ra8 10. Bc4 e6 11. Bg5 Ne7 12. Rd1 h6 13. Bf4 Kf8 14. h4 Nf6 15. e5
Nfd5 16. Nxd5 Nxd5 17. Bxd5 Bxd5 18. c4 Bc6 19. b3 d5 20. h5 g5 21. Bc1 Qd7 22.
c5 a5 23. Ba3 b5 24. axb5 Kg8 25. bxc6 Qxc6 26. O-O Bf8 27. Qd2 Be7 28. Ra1 Kg7
29. Bb2 Rhb8 30. Qc3 Rb5 31. Ra3 Rab8 32. g4 a4 33. Nd2 axb3 34. Rb1 Qb7 35.
Ra5 Rb4 36. Ba3 Rc4 37. Nxc4 dxc4 38. Qxc4 Qe4 39. Rxb3 Rxb3 40. Qxb3 Qe1+ 41.
Kg2 Qxa5 42. Bc1 Qa8+ 43. Qf3 Qa6 44. Be3 Qa4 45. Qb7 Qa5 46. Qc6 Kf8 47. d5
Qb4 48. Kg3 Qe4 49. Qxc7 Qxd5 50. Qc8+ Kg7 51. Qc7 Kf8 52. c6 Qh1 53. Qb8+ Kg7
54. c7 Qh4+ 55. Kf3 Qh3+ 56. Ke2 Qxg4+ 57. Kd3 Qd1+ 58. Kc4 Qd5+ 59. Kc3 Qxe5+
60. Bd4 1-0

[Event "FRA T II 20102011"]
[Site "FRA"]
[Date "2010.10.17"]
[Round "1.4"]
[White "Colinel, Pierre Marie"]
[Black "Tisserand, Daniel"]
[Result "0-1"]
[WhiteElo "2072"]
[BlackElo "2042"]
[PlyCount "116"]
[EventDate "2010.11.13"]
[EventType "team-match"]
[EventRounds "9"]
[EventCountry "FRA"]
[Source "FFE"]
[SourceDate "2010.10.29"]

1. d4 d6 2. c4 e5 3. dxe5 dxe5 4. Qxd8+ Kxd8 5. Nc3 c6 6. e4 Na6 7. a3 Nc5 8.
Be3 Ne6 9. Nf3 f6 10. Be2 Kc7 11. b4 a5 12. b5 Bc5 13. bxc6 bxc6 14. Bxc5 Nxc5
15. O-O Bg4 16. h3 Bxf3 17. Bxf3 Ne7 18. Rfd1 Rhd8 19. Rab1 Rab8 20. Rxb8 Rxb8
21. Rb1 Rd8 22. Rd1 Rd4 23. Rxd4 exd4 24. Ne2 Nb3 25. Nf4 Kd6 26. Nd3 c5 27.
Nb2 Nc6 28. Kf1 Nd2+ 29. Ke2 Nb1 30. a4 Nc3+ 31. Kd2 Ne5 32. Kc2 Nxf3 33. gxf3
Ne2 34. h4 Nf4 35. Kd2 h5 36. Ke1 Ng2+ 37. Ke2 Nxh4 38. Nd3 Ng6 39. f4 Kc6 40.
e5 Ne7 41. Kf3 Nc8 42. Kg3 Nb6 43. Nb2 fxe5 44. fxe5 g5 45. f4 gxf4+ 46. Kxf4
Kd7 47. Kg5 Ke6 48. Nd3 Nxa4 49. Kxh5 Nb6 50. Kg4 Nxc4 51. Kf4 Kd5 52. e6 Kxe6
53. Nxc5+ Kd5 54. Nd3 Nb6 55. Kf3 a4 56. Ke2 Kc4 57. Kd2 a3 58. Kc2 a2 0-1